000 00477nam a2200157 i 4500
001 69766
003 ES-MaACL
005 20230906170617.0
007 t|
008 040709s1966 sp ||||1| spa d
100 1 _aGarcía Guerrero, María Mercedes.
_954735
245 1 0 _aRuta poética /
_cMaría Mercedes García Guerrero.
260 _a[Jerez de la Frontera :
_bs.n.,
_c1966] (
_fImp. Jerez Industrial)
300 _a125 p. ;
_c18 cm.
852 _aES-MaACL
_jC-30627
_bR.60901
999 _c69766
_d69766